000 00308nam a22001337a 4500
008 170817b xxu||||| |||| 00| 0 eng d
020 _a0135951739
041 _aeng
080 _a51
100 _a36
101 _aMAT
245 _aMODERN MATHEMATICS AND ITS APPLICATIONS
_cGOLDSTEIN,L,J
942 _2udc
_cBK
999 _c23851
_d23851